Formula 1 Groups of Things - Statistics

General Stats
  • This quiz has been taken 71 times
    8 since last reset
  • The average score is 44 of 52
Answer Stats
Answer % Correct
Years McLaren has won the Constructors' Championship 1989
100%
Years McLaren has won the Constructors' Championship 1990
100%
Years McLaren has won the Constructors' Championship 1991
100%
Years McLaren has won the Constructors' Championship 1998
100%
Years Hamilton has won at Silverstone 2008
100%
Years Hamilton has won at Silverstone 2014
100%
Years Hamilton has won at Silverstone 2015
100%
Years Hamilton has won at Silverstone 2016
100%
Years Hamilton has won at Silverstone 2017
100%
Years Hamilton has won at Silverstone 2019
100%
Years Hamilton has won at Silverstone 2020
100%
Years Hamilton has won at Silverstone 2021
100%
Years McLaren has won the Constructors' Championship 2024
100%
Years Hamilton has won at Silverstone 2024
100%
Years McLaren has won the Constructors' Championship 2025
100%
2025 Racing Teams Alpine
100%
F1 Flag Colours Black
100%
2025 Racing Teams Ferrari
100%
F1 Flag Colours Green
100%
2025 Racing Teams Haas
100%
2025 Racing Teams McLaren
100%
2025 Racing Teams Mercedes
100%
F1 Flag Colours Red
100%
2025 Racing Teams Red Bull
100%
Verstappen's Teammates Sergio Perez
100%
F1 Flag Colours White
100%
2025 Racing Teams Williams
100%
F1 Flag Colours Yellow
100%
Years McLaren has won the Constructors' Championship 1974
86%
Years McLaren has won the Constructors' Championship 1984
86%
Years McLaren has won the Constructors' Championship 1985
86%
Years McLaren has won the Constructors' Championship 1988
86%
2025 Racing Teams Aston Martin
86%
F1 Flag Colours Blue
86%
Verstappen's Teammates Daniel Ricciardo
86%
2025 Rookies Isack Hadjar
86%
Verstappen's Teammates Liam Lawson
86%
2025 Rookies Liam Lawson
86%
2025 Rookies Oliver Bearman
86%
2025 Racing Teams Racing Bulls
86%
Verstappen's Teammates Alex Albon
71%
Verstappen's Teammates Carlos Sainz
71%
2025 Rookies Jack Doohan
71%
Verstappen's Teammates Pierre Gasly
71%
Verstappen's Teammates Yuki Tsunoda
71%
F1 Flag Colours Checkered
57%
2025 Rookies Gabriel Bortoleto
57%
2025 Racing Teams Kick Sauber
57%
2025 Rookies Kimi Antonelli
43%
F1 Flag Colours Black and White
29%
F1 Flag Colours Black and Orange
0%
F1 Flag Colours Yellow and Red
0%
No matching quizzes found
Score Distribution
Percent of People with Each Score
Percentile by Number Answered
Your Score History
You have not taken this quiz since the last reset